000 00578nam a2200217Ia 4500
005 20241129120302.0
008 241129s9999||||xx |||||||||||||| ||und||
020 _a9788177024144
037 _aTB
040 _aSDCL
_beng
_cSDCL
041 _ahin
_2hin
084 _aP15 Q8.5
_qSDCL
100 _aDikshit Pushpa
_9179950
245 0 _aPaushpi Navyasiddhant Kaumudi (Vol - 5)
260 _aDelhi
_bPratibha Prakashan India
_c2018
300 _axix,212p
365 _aINR
_b1795
650 _aSanskrit
942 _cTB
_hP15 Q8.5
999 _c1234157
_d1234157